Normal view
MARC view
- Stubbs, Daniel F.
Entry Personal Name
001 - CONTROL NUMBER
- control field: 113033
003 - CONTROL NUMBER IDENTIFIER
- control field: NUST
005 - DATE AND TIME OF LATEST TRANSACTION
- control field: 20230606171856.0
008 - FIXED-LENGTH DATA ELEMENTS
- fixed length control field: 230606|| aca||aabn | a|a d
040 ## - CATALOGING SOURCE
- Original cataloging agency: NUST
- Transcribing agency: NUST
100 ## - HEADING--PERSONAL NAME
- Personal name: Stubbs, Daniel F.
670 ## - SOURCE DATA FOUND
- Source citation: Work cat.: (NUST)179893: Stubbs, Daniel F.,, Data structures with abstract data types and Pascal /, c1985.
